[Event "Lansing (MOR/7/39)"]
[Site "?"]
[Date "1997.??.??"]
[Round "?"]
[White "Rosebrook, G."]
[Black "Ellis, Carl"]
[Result "1-0"]
[WhiteElo "1605"]
[BlackElo "1605"]
[PlyCount "81"]
[EventDate "1997.??.??"]

{7/(39)} 1. e4 c5 2. h3 Nc6 3. Nf3 g6 4. Nc3 Bg7 5. Bb5 Qc7 6. d3 a6 7. Bxc6
Qxc6 8. Bf4 Bxc3+ 9. bxc3 Nf6 10. O-O Nh5 11. Bh6 d6 12. Re1 Nf6 13. Bg7 Rg8
14. Bxf6 exf6 15. d4 cxd4 16. Qxd4 Ke7 17. Rab1 Qc5 18. Rb4 Qxd4 19. cxd4 Rd8
20. d5 b5 21. Nd4 Kf8 22. Rb3 Re8 23. Rc3 f5 24. f3 Bb7 25. Kf2 Rac8 26. Rb3
Rc4 27. Rd1 fxe4 28. fxe4 Rxe4 29. c3 Bxd5 30. Nf3 Rc5 31. Ra3 Ra4 32. Rxa4
bxa4 33. c4 Bxc4 34. Rxd6 Ke7 35. Rb6 Bb5 36. Rb7+ Kf6 37. h4 Rc2+ 38. Kg3 Rxa2
39. Rb6+ Kg7 40. Ne5 Bf1 41. Rb7 1-0

[Event "Lansing (MOR/5/41)"]
[Site "?"]
[Date "1997.??.??"]
[Round "?"]
[White "Rosebrook, G."]
[Black "Carpenter, T."]
[Result "1-0"]
[WhiteElo "1605"]
[BlackElo "1605"]
[PlyCount "57"]
[EventDate "1997.??.??"]

{5/(41)} 1. e4 d6 2. Be2 Nf6 3. c3 Nxe4 4. Qa4+ Nc6 5. Qxe4 g6 6. Nf3 Bf5 7.
Qe3 Bg7 8. d4 d5 9. Nh4 Be4 10. Bd3 Bxd3 11. Qxd3 e6 12. Nf3 Qe7 13. O-O O-O-O
14. Be3 Bf6 15. a4 Na5 16. Nbd2 b6 17. Rab1 Kb8 18. b4 Nb7 19. a5 bxa5 20. bxa5
Ka8 21. a6 Nd6 22. Bf4 Rb8 23. Qc2 Rb6 24. Rxb6 cxb6 25. Be5 Rc8 26. Bxf6 Qxf6
27. Ne5 Ne4 28. Nxe4 dxe4 29. Qxe4+ 1-0

[Event "Lansing (MI Op/1b/8)"]
[Site "?"]
[Date "1997.??.??"]
[Round "?"]
[White "Rogers, Bradley"]
[Black "Zubatch, Steve"]
[Result "1-0"]
[WhiteElo "2100"]
[BlackElo "1865"]
[PlyCount "77"]
[EventDate "1997.??.??"]

1. d4 Nf6 2. c4 g6 3. Nc3 Bg7 4. e4 d6 5. f3 O-O 6. Be3 Nc6 7. Nge2 e5 8. d5
Ne7 9. Qd2 Re8 10. Nc1 Nd7 11. Nd3 f5 12. Be2 f4 13. Bf2 Nf6 14. O-O-O Bd7 15.
g3 g5 16. h4 h6 17. Rdg1 Kf7 18. c5 a6 19. Kb1 Rh8 20. Bd1 Qe8 21. Bb3 Kf8 22.
gxf4 gxf4 23. cxd6 cxd6 24. Bb6 Qh5 25. Qg2 Rg8 26. Bc7 Ne8 27. Nc5 Bc8 28. Bd8
Kf7 29. Bxe7 Kxe7 30. Ne6 Qf7 31. Qf2 Bd7 32. Qb6 Rb8 33. h5 Nf6 34. Na4 Nxh5
35. Nac5 Nf6 36. Nxb7 Ne8 37. Qa7 Rc8 38. Na5 Qf6 39. Nc6+ 1-0

[Event "Lansing (MI Op/3/1)"]
[Site "?"]
[Date "1997.??.??"]
[Round "?"]
[White "Rogers, Bradley"]
[Black "Tsemekhman, Vadim"]
[Result "0-1"]
[WhiteElo "2100"]
[BlackElo "2505"]
[PlyCount "106"]
[EventDate "1997.??.??"]

{3/(1)} 1. d4 Nf6 2. c4 c5 3. d5 g6 4. Nc3 d6 5. e4 Bg7 6. Be2 O-O 7. Nf3 e6 8.
O-O exd5 9. cxd5 a6 10. a4 Bg4 11. Nd2 Bxe2 12. Qxe2 Nbd7 13. Kh1 Rb8 14. a5
Qe7 15. Nc4 Ne5 16. Nb6 Rbe8 17. Bg5 h6 18. Bh4 g5 19. Bg3 Nfd7 20. Nxd7 Nxd7
21. f4 f5 22. Rae1 Bxc3 23. bxc3 Nf6 24. e5 dxe5 25. fxe5 Nxd5 26. Qc4 Qe6 27.
Bf2 Nf4 28. Qxe6+ Nxe6 29. Rb1 Re7 30. Rb6 Rd8 31. h4 Kh7 32. Re1 f4 33. Rd6
Rc8 34. Red1 Kg6 35. Rb1 g4 36. Rbb6 Kf5 37. g3 f3 38. Be3 h5 39. Bf4 Nxf4 40.
Rf6+ Kxe5 41. Rxf4 Rd8 42. Rh6 Rd1+ 43. Kh2 c4 44. Re6+ Kxe6 45. Re4+ Kd5 46.
Re5+ Kc6 47. Rc5+ Kd6 48. Rc6+ Kd5 49. Rd6+ Ke4 50. Rxd1 Re5 51. Kg1 Rxa5 52.
Kf2 Ra2+ 53. Kf1 Ke3 0-1

[Event "Lansing (MI Op/7/4)"]
[Site "?"]
[Date "1997.??.??"]
[Round "?"]
[White "Rogers, Bradley"]
[Black "Rajlich, Vasik"]
[Result "0-1"]
[WhiteElo "2100"]
[BlackElo "2275"]
[PlyCount "80"]
[EventDate "1997.??.??"]

{7/(4)} 1. d4 Nf6 2. c4 g6 3. Nc3 Bg7 4. e4 d6 5. f3 O-O 6. Be3 c5 7. d5 e6 8.
Qd2 exd5 9. cxd5 Bd7 10. Bd3 Qc7 11. Nge2 c4 12. Bc2 b5 13. a3 Na6 14. Nd4 Rab8
15. O-O Rfc8 16. Kh1 Nc5 17. Bh6 Bh8 18. Nf5 Re8 19. Rae1 a5 20. e5 Bxf5 21.
Bxf5 dxe5 22. Be4 b4 23. axb4 axb4 24. Ne2 Ncxe4 25. fxe4 Nxe4 26. Qe3 f5 27.
Ra1 Ra8 28. Rxa8 Rxa8 29. g4 Qa7 30. Qxa7 Rxa7 31. gxf5 Ra2 32. Ng3 Nxg3+ 33.
hxg3 Rxb2 34. d6 Ra2 35. fxg6 Ra8 36. d7 b3 37. Rf8+ Rxf8 38. Bxf8 Bf6 39.
gxh7+ Kxh7 40. Ba3 c3 0-1

[Event "Lansing (MI Op/5/7)"]
[Site "?"]
[Date "1997.??.??"]
[Round "?"]
[White "Rogers, Bradley"]
[Black "Hartwig, Thomas"]
[Result "1/2-1/2"]
[WhiteElo "2100"]
[BlackElo "1850"]
[PlyCount "50"]
[EventDate "1997.??.??"]

{5/(7)} 1. d4 Nf6 2. c4 e6 3. Nc3 Bb4 4. e3 c5 5. Nge2 cxd4 6. exd4 d5 7. a3
Be7 8. g3 dxc4 9. Bg2 O-O 10. O-O Na6 11. Qa4 Qb6 12. Qxc4 Bd7 13. Nf4 Nc7 14.
Rd1 Bc6 15. Bxc6 Qxc6 16. Qxc6 bxc6 17. Nd3 Nb5 18. Ne5 Nxc3 19. bxc3 Rac8 20.
Bg5 Rfd8 21. a4 h6 22. Be3 Nd5 23. Rdc1 c5 24. Rab1 Bf6 25. Ng4 Be7 1/2-1/2

[Event "Lansing (MOR/5/49)"]
[Site "?"]
[Date "1997.??.??"]
[Round "?"]
[White "Rogers, Ben"]
[Black "Stark, A."]
[Result "0-1"]
[WhiteElo "1605"]
[BlackElo "1605"]
[PlyCount "78"]
[EventDate "1997.??.??"]

{5/(49)} 1. e4 e5 2. Nf3 Nc6 3. Nc3 Nf6 4. Bc4 Bb4 5. a3 Bc5 6. O-O O-O 7. d3
d6 8. Be3 Nd4 9. Nd5 Nxd5 10. exd5 Bg4 11. Bg5 Qd7 12. h3 Bxf3 13. gxf3 Qf5 14.
Kh2 Nxf3+ 15. Kg3 Nxg5 16. Qh5 Ne4+ 17. Kh4 Qxh5+ 18. Kxh5 Nd2 19. Rg1 Nxc4 20.
dxc4 Bxf2 21. Rg2 g6+ 22. Kg4 f5+ 23. Kf3 Bd4 24. h4 Bxb2 25. Rag1 Kf7 26. h5
Rg8 27. hxg6+ hxg6 28. Rg5 Bxa3 29. Rb1 Kf6 30. Rg3 c6 31. Ke2 cxd5 32. cxd5
Rac8 33. Kd1 Bc5 34. Rxb7 f4 35. Rh3 Rg7 36. Rbb3 Rgg8 37. Rh6 Rh8 38. Rb8 Rxb8
39. Rxg6+ Kxg6 0-1

[Event "Lansing (MOR/1b/29)"]
[Site "?"]
[Date "1997.??.??"]
[Round "?"]
[White "Rogers, Ben"]
[Black "Sinke, Brian"]
[Result "0-1"]
[WhiteElo "1605"]
[BlackElo "1605"]
[PlyCount "70"]
[EventDate "1997.??.??"]

1. e4 c5 2. Nf3 d6 3. Bc4 e6 4. e5 d5 5. Bb5+ Bd7 6. Nc3 a6 7. Ba4 b5 8. Bb3 c4
9. Bxc4 bxc4 10. O-O a5 11. d3 Qc7 12. dxc4 Qxc4 13. Nd2 Qc7 14. Qf3 Bc6 15.
Re1 Nd7 16. Nb3 d4 17. Ne4 Nxe5 18. Qe2 Nd7 19. g3 e5 20. Qc4 Rc8 21. Bd2 a4
22. Ba5 Nb6 23. Rad1 Nxc4 24. Bxc7 Rxc7 25. Nbd2 Nxb2 26. Rb1 a3 27. c4 dxc3
28. Nf3 f6 29. Re3 Bxe4 30. Rxe4 c2 31. Rc1 Nd3 32. Rxc2 Rxc2 33. Ra4 Nxf2 34.
Ne1 Nh3+ 35. Kf1 Rf2# 0-1

[Event "Lansing (MOR/7/35)"]
[Site "?"]
[Date "1997.??.??"]
[Round "?"]
[White "Rogers, Ben"]
[Black "Aguilar, Javier"]
[Result "0-1"]
[WhiteElo "1605"]
[BlackElo "1605"]
[PlyCount "78"]
[EventDate "1997.??.??"]

{7/(35)} 1. e4 c5 2. Nc3 d6 3. Bc4 Nf6 4. Nf3 g6 5. d3 Bg7 6. Ng5 e6 7. Bb5+
Bd7 8. Bc4 O-O 9. O-O Nc6 10. Bf4 Ne5 11. Bxe5 dxe5 12. h3 Nh5 13. Qg4 Nf6 14.
Nxe6 Bxe6 15. Qg5 Bxc4 16. dxc4 Nh5 17. Qe3 b6 18. Rad1 Qh4 19. g3 Qxh3 20. Qf3
Nf6 21. Nd5 Nxd5 22. Rxd5 Rad8 23. Rxd8 Rxd8 24. a4 Qe6 25. Re1 Qxc4 26. Rd1
Rxd1+ 27. Qxd1 Qxe4 28. Qd8+ Bf8 29. Qd1 Qxa4 30. b3 Qb4 31. Kg2 c4 32. bxc4
Qxc4 33. Qd7 a5 34. Qd1 a4 35. c3 a3 36. Qa1 a2 37. Qc1 Qa4 38. Qa1 Qc2 39. Kf3
Qb1 0-1

[Event "Kalamazoo (MI Am/1/8)"]
[Site "?"]
[Date "1997.??.??"]
[Round "?"]
[White "Rodriguez, P."]
[Black "Semerciyan, Mike"]
[Result "0-1"]
[WhiteElo "1605"]
[BlackElo "1900"]
[PlyCount "146"]
[EventDate "1997.??.??"]

{1/(8)} 1. d4 Nf6 2. Nf3 g6 3. Bg5 Bg7 4. e3 c5 5. c3 cxd4 6. exd4 Qb6 7. Qc2
d5 8. Nbd2 Bf5 9. Qb3 Nbd7 10. Be2 O-O 11. O-O Qxb3 12. axb3 a6 13. Nh4 Be6 14.
f4 h6 15. Bxf6 Bxf6 16. Nhf3 g5 17. Ne5 gxf4 18. Nxd7 Bxd7 19. Bd3 e5 20. dxe5
Bxe5 21. h3 f6 22. Nf3 Kg7 23. Nh4 f5 24. Nf3 Bd6 25. Nd4 Rae8 26. Rf3 Re3 27.
Ra5 Rxf3 28. gxf3 b5 29. Rxa6 Bc5 30. Ra5 Kf6 31. Kf1 Ke5 32. Nxb5 Rg8 33. Nd4
Bxd4 34. cxd4+ Kxd4 35. Be2 Rg3 36. Ra7 Be8 37. Ra5 Bh5 38. Ra4+ Ke3 39. b4
Rxh3 40. Ra3+ Kd4 41. Kg2 Rg3+ 42. Kf2 Be8 43. b5 Rg6 44. Rb3 Rb6 45. Rb4+ Ke5
46. Bd3 Bd7 47. Ke2 h5 48. Kf2 d4 49. Kg2 Kd5 50. Kh3 Kc5 51. Rc4+ Kd5 52. Rb4
Ke5 53. Rb3 Kd5 54. Rb4 Be6 55. Ra4 Bd7 56. b4 Bxb5 57. Ra5 Kc6 58. Bxf5 Ra6
59. Kh4 Rxa5 60. bxa5 Kd5 61. Kxh5 Ke5 62. Bc2 d3 63. Bd1 Kd4 64. Kg4 Ke3 65.
Bb3 d2 66. Bc2 Be2 67. Bb3 d1=Q 68. Bxd1 Bxd1 69. a6 Bxf3+ 70. Kf5 Be4+ 71. Kg4
f3 72. Kg3 f2 73. a7 f1=Q 0-1

[Event "Kalamazoo (MI Am/5/18)"]
[Site "?"]
[Date "1997.??.??"]
[Round "?"]
[White "Rodriguez, P."]
[Black "Mahabir, Jagdesh"]
[Result "0-1"]
[WhiteElo "1605"]
[BlackElo "1605"]
[PlyCount "107"]
[EventDate "1997.??.??"]

{5/(18)} 1. d4 d6 2. Bf4 Nf6 3. e3 g6 4. Bd3 Bg7 5. h3 b6 6. Nf3 Bb7 7. Nbd2
O-O 8. O-O Nbd7 9. Re1 Re8 10. Nc4 c5 11. c3 Rc8 12. a3 Nb8 13. b4 Bd5 14. Nfd2
b5 15. Nb2 c4 16. Bc2 e5 17. dxe5 dxe5 18. Bg5 h6 19. Bh4 Qb6 20. e4 Be6 21.
Qf3 Nbd7 22. a4 a6 23. a5 Qa7 24. Nd1 Nh5 25. Ne3 Nf4 26. Nd5 g5 27. Bg3 Nf6
28. Nxf4 exf4 29. Bh2 Nd7 30. Re2 f6 31. Nf1 Ne5 32. Qh5 Bf7 33. Qxf7+ Qxf7 34.
Rd1 f3 35. Red2 fxg2 36. Kxg2 Qh5 37. Bxe5 fxe5 38. Rd7 Rf8 39. Nh2 Rf4 40.
R7d6 Rcf8 41. R1d2 R8f6 42. Bd1 Rxd6 43. Bxh5 Rxd2 44. Nf3 Rxf3 45. Kxf3 Rd3+
46. Kg4 Rxc3 47. Be8 Rb3 48. Bc6 c3 49. Bd5+ Kh8 50. Bxb3 Bf8 51. Kf5 Bxb4 52.
Kxe5 Bxa5 53. Bd5 {[Remainder illegible]} Kg7 54. f3 0-1

[Event "Kalamazoo (MI Am/5/7)"]
[Site "?"]
[Date "1997.??.??"]
[Round "?"]
[White "Rodriguez, M."]
[Black "Libby, Dan"]
[Result "1/2-1/2"]
[WhiteElo "1605"]
[BlackElo "1705"]
[PlyCount "86"]
[EventDate "1997.??.??"]

{5/(7)} 1. e4 c5 2. d4 cxd4 3. c3 Nc6 4. Nf3 d5 5. exd5 Qxd5 6. Nxd4 Nxd4 7.
Qxd4 Qxd4 8. cxd4 Bd7 9. Nc3 e6 10. Bf4 Nf6 11. Bc4 Rc8 12. Bb3 Bb4 13. Rc1 Ne4
14. Bd2 Nxd2 15. Kxd2 Bc6 16. Ke3 O-O 17. f3 Rfd8 18. Rhd1 g6 19. a3 Bf8 20. d5
exd5 21. Nxd5 Re8+ 22. Kf2 Bg7 23. Nc3 Rcd8 24. Rxd8 Rxd8 25. Rd1 Rxd1 26. Bxd1
Bd4+ 27. Ke2 Bxc3 28. bxc3 g5 29. Bc2 h6 30. Ke3 b6 31. Be4 Bb5 32. Kd4 Bf1 33.
g3 Bg2 34. Ke5 Kg7 35. f4 f6+ 36. Kd5 Bxe4+ 37. Kxe4 Kg6 38. f5+ Kh5 39. h3 b5
40. Kd5 g4 41. h4 a5 42. Ke6 b4 43. cxb4 axb4 1/2-1/2

[Event "Kalamazoo (MI Am/3/23)"]
[Site "?"]
[Date "1997.??.??"]
[Round "?"]
[White "Rodriguez, M."]
[Black "Bush, G."]
[Result "1-0"]
[WhiteElo "1605"]
[BlackElo "1605"]
[PlyCount "62"]
[EventDate "1997.??.??"]

{3/(23)} 1. e4 e5 2. Nf3 Nc6 3. d4 exd4 4. c3 dxc3 5. Bc4 cxb2 6. Bxb2 f6 7.
Nc3 Bb4 8. O-O Na5 9. Bd3 Ne7 10. Nd5 Nxd5 11. exd5 O-O 12. Nd4 d6 13. Qa4 c5
14. dxc6 Bc5 15. cxb7 Bxb7 16. Ne6 Qe8 17. Qh4 h6 18. Nxf8 Qxf8 19. Rab1 Qf7
20. Bc3 Qd5 21. Rxb7 Nxb7 22. Bc4 Qxc4 23. Qxc4+ Kh8 24. Re1 Rg8 25. Qf7 Nd8
26. Qd7 a6 27. Re8 Rxe8 28. Qxe8+ Kh7 29. Qxd8 h5 30. Qa5 h4 31. Qxa6 d5 1-0

[Event "Lansing (MOR/2/3)"]
[Site "?"]
[Date "1997.??.??"]
[Round "?"]
[White "Robinson, Erik"]
[Black "Sanborn, Richard"]
[Result "1/2-1/2"]
[WhiteElo "1605"]
[BlackElo "1770"]
[PlyCount "113"]
[EventDate "1997.??.??"]

{2/(3)} 1. d4 d5 2. Nc3 Bf5 3. Bg5 h6 4. Bh4 c6 5. a3 Nd7 6. e3 Ngf6 7. f3 e6
8. Bd3 Bxd3 9. Qxd3 Be7 10. Nge2 e5 11. Bg3 exd4 12. exd4 O-O 13. O-O Nh5 14.
Rae1 Nxg3 15. Nxg3 Bd6 16. Nf5 Bc7 17. Ne2 Re8 18. f4 Nf6 19. Qg3 g6 20. Nxh6+
Kh7 21. Nxf7 Qe7 22. Ne5 Qg7 23. Qb3 Bb6 24. c4 Ne4 25. Rd1 g5 26. fxg5 Rxe5
27. c5 Bxc5 28. dxc5 Rxg5 29. Qh3+ Kg8 30. Qe6+ Kh8 31. Qh3+ Kg8 32. Qe6+ Kh8
33. Nf4 Nxc5 34. Qh3+ Qh7 35. Qc3+ Qg7 36. Qxc5 Qxb2 37. Rf2 Qe5 38. Nh3 Rgg8
39. Rdf1 Qg7 40. Qc1 Raf8 41. Nf4 Rf5 42. Qd2 Re8 43. Rf3 Rg5 44. Nh3 Rh5 45.
Rf7 Qg4 46. R1f3 Qe4 47. Kf2 Qh4+ 48. Rg3 Rhe5 49. Nf4 Rg5 50. Kf3 Rxg3+ 51.
hxg3 Qg5 52. Qd3 Re4 53. Rxb7 a5 54. Qc3+ d4 55. Rb8+ Kg7 56. Ne6+ Rxe6 57.
Rb7+ 1/2-1/2

[Event "Lansing (MOR/6/28)"]
[Site "?"]
[Date "1997.??.??"]
[Round "?"]
[White "Robinson, Erik"]
[Black "McNair, Shawn"]
[Result "1-0"]
[WhiteElo "1605"]
[BlackElo "1605"]
[PlyCount "73"]
[EventDate "1997.??.??"]

{6/(28)} 1. d4 Nf6 2. Nc3 d5 3. Bg5 e6 4. Qd3 Nc6 5. e4 dxe4 6. Nxe4 Be7 7. c3
Nxe4 8. Bxe7 Qxe7 9. Qxe4 Bd7 10. Nf3 a6 11. Rd1 Rd8 12. Be2 g6 13. h4 h6 14.
Qf4 Bc8 15. O-O b6 16. Rfe1 O-O 17. Qxh6 Qf6 18. Nd2 Ne7 19. Ne4 Qh8 20. Qf4
Nd5 21. Qg3 Rd7 22. f4 Nf6 23. Nxf6+ Qxf6 24. Bd3 Qh8 25. Re5 f5 26. Rxe6 Rh7
27. Rxg6+ Kf7 28. Bc4+ Ke7 29. Re1+ Kd8 30. Qg5+ Kd7 31. Be6+ Kc6 32. Bxc8+ Kb5
33. Re5+ Ka4 34. Be6 b5 35. Bb3+ Ka5 36. Bc2 c6 37. Rxc6 1-0

[Event "Lansing (MOR/3/13)"]
[Site "?"]
[Date "1997.??.??"]
[Round "?"]
[White "Robinson, Erik"]
[Black "Kreger, David"]
[Result "0-1"]
[WhiteElo "1605"]
[BlackElo "1695"]
[PlyCount "86"]
[EventDate "1997.??.??"]

{3/(13)} 1. d4 Nf6 2. Nc3 d5 3. Bg5 Nbd7 4. e3 h6 5. Bh4 e6 6. a3 Be7 7. Bd3 c5
8. Nge2 c4 9. Bxf6 Nxf6 10. Ng3 cxd3 11. Qxd3 O-O 12. h4 a6 13. h5 Qc7 14. Nce2
Bd7 15. c3 Bb5 16. Qc2 Bxe2 17. Nxe2 b5 18. Rb1 b4 19. axb4 Bxb4 20. Qd3 Bd6
21. f3 Qc4 22. Qc2 e5 23. Kf2 e4 24. Nf4 Rac8 25. g4 Bxf4 26. exf4 Qxd4+ 27.
Kg3 exf3 28. Kxf3 Rc4 29. Qf5 Qe4+ 30. Qxe4 Nxe4 31. Rbd1 f5 32. Rxd5 fxg4+ 33.
Ke3 Ng3 34. Rg1 Nf5+ 35. Kd3 Rxf4 36. Ra5 Rd8+ 37. Kc2 Ne3+ 38. Kb3 Rb8+ 39.
Ka2 Rf2 40. Kb1 Rbxb2+ 41. Ka1 Rb6 42. Rc1 Rfb2 43. Ra2 Nc2+ 0-1

[Event "Michigan Senior"]
[Site "Ann Arbor, MI"]
[Date "1997.??.??"]
[Round "2.9"]
[White "Richter, William"]
[Black "Sattler, Peter"]
[Result "1-0"]
[WhiteElo "1605"]
[BlackElo "1665"]
[PlyCount "33"]
[EventDate "1997.??.??"]

{2/(9)} 1. d4 d5 2. e4 dxe4 3. Nc3 Nf6 4. f3 exf3 5. Nxf3 e6 6. Bc4 c6 7. O-O
Be7 8. Qe1 O-O 9. Ne2 Nbd7 10. Bd3 Nd5 11. Qg3 g6 12. Bh6 Re8 13. Ng5 N7f6 14.
Rf3 Nh5 15. Rxf7 Nxg3 16. Rg7+ Kh8 17. Nf7# 1-0

[Event "Michigan Senior"]
[Site "Ann Arbor, MI"]
[Date "1997.??.??"]
[Round "4.13"]
[White "Richter, William"]
[Black "Dolin, Jack"]
[Result "1-0"]
[WhiteElo "1605"]
[BlackElo "1605"]
[PlyCount "47"]
[EventDate "1997.??.??"]

{4/(13)} 1. d4 Nf6 2. Nc3 d5 3. e4 Nxe4 4. Nxe4 dxe4 5. Bc4 c6 6. f3 Bf5 7.
fxe4 Bxe4 8. Nf3 Bd5 9. Bd3 g6 10. c3 Bxf3 11. Qxf3 Qd5 12. Be4 Qc4 13. b3 Qe6
14. O-O Nd7 15. d5 cxd5 16. Bxd5 Qf6 17. Qg3 Qd6 18. Bxf7+ Kd8 19. Bf4 e5 20.
Be3 Be7 21. Rad1 Qa6 22. Qg4 Qc6 23. Be6 Qxc3 24. Rxd7+ 1-0

[Event "Lansing (MI Op/2/27)"]
[Site "?"]
[Date "1997.??.??"]
[Round "?"]
[White "Randall, Paul"]
[Black "Steen, Harold"]
[Result "1-0"]
[WhiteElo "1940"]
[BlackElo "1775"]
[PlyCount "126"]
[EventDate "1997.??.??"]

{2/(27)} 1. d4 Nf6 2. c4 g6 3. Nc3 Bg7 4. e4 d6 5. Bg5 O-O 6. Qd2 Na6 7. Nge2
e5 8. d5 Nc5 9. Ng3 a5 10. h4 h5 11. f3 Qd7 12. Bd3 c6 13. Rc1 Nh7 14. Be3
Nxd3+ 15. Qxd3 Qe7 16. Na4 c5 17. Nb6 Ra6 18. Nxc8 Rxc8 19. Ne2 Rb6 20. Qa3 Ra6
21. Qa4 Rf8 22. Qc2 Qd7 23. Nc3 f5 24. Nb5 f4 25. Bf2 Nf6 26. Qa4 Bh6 27. Qc2
Kh7 28. a3 a4 29. Rd1 Ne8 30. Qc3 Nc7 31. Nxc7 Qxc7 32. Rb1 Qd7 33. b4 axb3 34.
Rxb3 Rb8 35. O-O Bf8 36. Rfb1 Be7 37. Qb2 b6 38. Rb5 Bd8 39. Qb3 Rba8 40. Ra1
Bc7 41. a4 Ra5 42. Rxa5 Rxa5 43. Be1 Ra7 44. Kf1 Kh6 45. Qc2 Bd8 46. Ra2 g5 47.
hxg5+ Bxg5 48. Qb3 Rb7 49. Qb5 Qxb5 50. axb5 Bd8 51. Ra8 Rd7 52. Kg1 h4 53. Kh2
Kh5 54. Kh3 Bf6 55. Rb8 Bd8 56. Bf2 Kg6 57. Kg4 h3 58. gxh3 Kh6 59. Kf5 Bc7 60.
Rb7 Rg7 61. Bh4 Kh5 62. Bf6 Rh7 63. Bd8 Rg7 1-0

[Event "Lansing (MI Op/4/6)"]
[Site "?"]
[Date "1997.??.??"]
[Round "?"]
[White "Randall, Paul"]
[Black "Rajlich, Vasik"]
[Result "0-1"]
[WhiteElo "1940"]
[BlackElo "2275"]
[PlyCount "70"]
[EventDate "1997.??.??"]

{4/(6)} 1. d4 Nf6 2. c4 g6 3. Nc3 Bg7 4. e4 d6 5. Bg5 O-O 6. Qd2 Na6 7. Nge2 e5
8. d5 c6 9. f3 cxd5 10. cxd5 Bd7 11. g4 b5 12. h4 b4 13. Nd1 Nc5 14. Ng3 Qa5
15. h5 Nb3 16. axb3 Qxa1 17. Bh6 Rac8 18. hxg6 fxg6 19. Bxg7 Kxg7 20. Qh6+ Kg8
21. g5 Rc1 22. Be2 Qxb2 23. gxf6 Rf7 24. Nf1 a5 25. Qd2 Qc3 26. Nfe3 Rxf6 27.
Nc4 a4 28. Nb6 axb3 29. Qxc3 bxc3 30. Nxd7 Rf7 31. Nxe5 dxe5 32. d6 b2 33. Bd3
b1=Q 34. Bxb1 Rxb1 35. Rh2 Rd7 0-1

[Event "Lansing (MI Op/7/7)"]
[Site "?"]
[Date "1997.??.??"]
[Round "?"]
[White "Randall, Paul"]
[Black "Arganian, David G"]
[Result "0-1"]
[WhiteElo "1940"]
[BlackElo "2110"]
[PlyCount "68"]
[EventDate "1997.??.??"]

{7/(7)} 1. d4 d5 2. Nf3 Nf6 3. e3 g6 4. c4 Bg7 5. Nc3 O-O 6. cxd5 Nxd5 7. Bd3
c5 8. Nxd5 Qxd5 9. e4 Qd8 10. d5 e6 11. dxe6 Bxe6 12. O-O Nc6 13. Ng5 Bd7 14.
Bc4 Ne5 15. Bd5 h6 16. Nf3 Bg4 17. Bf4 Nxf3+ 18. gxf3 Qf6 19. fxg4 Qxf4 20. Qe2
Be5 21. f3 Kg7 22. Kh1 Rad8 23. Rac1 b6 24. Rc2 g5 25. Qg2 Rh8 26. a4 Rd6 27.
a5 h5 28. Rff2 Rdh6 29. axb6 axb6 30. h3 hxg4 31. fxg4 Rxh3+ 32. Kg1 Bd4 33.
Kf1 Rh1+ 34. Ke2 Qe3# 0-1

[Event "Michigan Invitational"]
[Site "Ann Arbor, MI"]
[Date "1997.??.??"]
[Round "2"]
[White "Rajlich, Vasik"]
[Black "Zaremba, Andrei"]
[Result "1-0"]
[WhiteElo "2215"]
[BlackElo "2295"]
[PlyCount "55"]
[EventDate "1997.??.??"]

1. e4 c5 2. Nf3 d6 3. d4 cxd4 4. Nxd4 Nf6 5. Nc3 a6 6. Bg5 e6 7. f4 Be7 8. Qf3
Qa5 9. O-O-O Bd7 10. Be2 Nc6 11. Qg3 O-O-O 12. e5 dxe5 13. fxe5 Nxe5 14. Nb3
Qc7 15. Bf4 Bd6 16. Rxd6 Qxd6 17. Bxe5 Qb6 18. Bd4 Qc7 19. Qxg7 Qf4+ 20. Kb1
Nd5 21. Nxd5 exd5 22. Qf6 Qb8 23. Be5 Qa7 24. Qd6 b5 25. Bg4 Rhe8 26. Qc6+ Qc7
27. Qa8+ Qb8 28. Qc6+ 1-0

[Event "Lansing (MI Op/6/1)"]
[Site "?"]
[Date "1997.??.??"]
[Round "?"]
[White "Rajlich, Vasik"]
[Black "Tsemekhman, Vadim"]
[Result "0-1"]
[WhiteElo "2275"]
[BlackElo "2505"]
[PlyCount "84"]
[EventDate "1997.??.??"]

{6/(1)} 1. e4 c6 2. d4 g6 3. f4 Bg7 4. Nf3 Nh6 5. Nc3 d5 6. e5 Bg4 7. Be2 Nf5
8. h3 Bxf3 9. Bxf3 h5 10. g4 Ng3 11. Rg1 h4 12. Qd3 Qb6 13. Be3 e6 14. O-O-O
Na6 15. Bf2 O-O-O 16. Bxg3 hxg3 17. Rxg3 c5 18. Qb5 cxd4 19. Qxb6 axb6 20. Nb5
g5 21. Nd6+ Rxd6 22. exd6 gxf4 23. Rgg1 Rxh3 24. Rdf1 Kd7 25. Rh1 Rg3 26. Rh7
Be5 27. Rxf7+ Kxd6 28. Rxb7 Nc5 29. Rxb6+ Kc7 30. Rb4 Rh3 31. a4 d3 32. a5 Rh2
33. c3 Re2 34. Rh1 Ne4 35. Bxe2 dxe2 36. Rxe4 dxe4 37. Kd2 f3 38. Ke3 Bg3 39.
g5 Bf4+ 40. Kf2 Bxg5 41. Ke1 Bc1 42. Rh4 Bxb2 0-1

[Event "Michigan Invitational"]
[Site "Ann Arbor, MI"]
[Date "1997.??.??"]
[Round "3"]
[White "Rajlich, Vasik"]
[Black "Thompson, Dexter"]
[Result "1-0"]
[WhiteElo "2215"]
[BlackElo "2245"]
[PlyCount "104"]
[EventDate "1997.??.??"]

1. e4 e5 2. Nf3 Nc6 3. Bb5 a6 4. Ba4 Nf6 5. O-O b5 6. Bb3 Be7 7. c3 O-O 8. Re1
d5 9. exd5 Nxd5 10. Nxe5 Nxe5 11. Rxe5 Nf6 12. d4 Bd6 13. Re1 Ng4 14. h3 Qh4
15. Qf3 Nxf2 16. Re2 Nxh3+ 17. gxh3 Bxh3 18. Re4 Qg3+ 19. Qxg3 Bxg3 20. Bf4
Bxf4 21. Rxf4 Rae8 22. Nd2 g5 23. Re4 Bf5 24. Rxe8 Rxe8 25. Nf3 h6 26. Ne5 Be6
27. Rf1 Re7 28. Bxe6 fxe6 29. Rf6 Kg7 30. Rg6+ Kh7 31. Kg2 a5 32. Kg3 b4 33.
Kg4 bxc3 34. bxc3 c5 35. dxc5 Rc7 36. c6 Rxc6 37. Rxh6+ Kxh6 38. Nxc6 a4 39.
Nd8 e5 40. Nf7+ Kg6 41. Nxe5+ Kf6 42. Nf3 Ke6 43. Kxg5 Kd5 44. Nd2 Ke5 45. a3
Ke6 46. Kf4 Kd5 47. Kf5 Kd6 48. Ke4 Kc5 49. Ke5 Kc6 50. Kd4 Kb5 51. Kd5 Ka5 52.
Kc5 Ka6 1-0

[Event "Lansing (MI Op/1b/2)"]
[Site "?"]
[Date "1997.??.??"]
[Round "?"]
[White "Rajlich, Vasik"]
[Black "Skidmore, Mike"]
[Result "1-0"]
[WhiteElo "2275"]
[BlackElo "1950"]
[PlyCount "63"]
[EventDate "1997.??.??"]

1. e4 c6 2. d4 d5 3. exd5 cxd5 4. c4 Bf5 5. Nc3 dxc4 6. Bxc4 e6 7. Bf4 Nf6 8.
Bxb8 Qxb8 9. Bb5+ Kd8 10. Nf3 Bd6 11. Ne5 Ke7 12. O-O Rd8 13. Qf3 Kf8 14. Rad1
Bxe5 15. dxe5 Rxd1 16. Rxd1 Bg4 17. Qe3 Bxd1 18. exf6 Bh5 19. Qc5+ Kg8 20. Qxh5
Qf4 21. fxg7 Qc1+ 22. Bf1 Qxb2 23. Bd3 Qc1+ 24. Nd1 h6 25. h4 Rd8 26. Be2 Rd5
27. Qg4 Qa1 28. Kh2 Rd4 29. Qh5 Kxg7 30. Ne3 f5 31. Nc2 Rxh4+ 32. Qxh4 1-0

[Event "Lansing (MI Op/3/2)"]
[Site "?"]
[Date "1997.??.??"]
[Round "?"]
[White "Rajlich, Vasik"]
[Black "Mazuchowski, Tom"]
[Result "0-1"]
[WhiteElo "2275"]
[BlackElo "2095"]
[PlyCount "86"]
[EventDate "1997.??.??"]

{3/(2)} 1. e4 c5 2. Nf3 e6 3. d4 cxd4 4. Nxd4 Qb6 5. Nc3 Bc5 6. Be3 Nc6 7. Ncb5
Nxd4 8. Bxd4 Bxd4 9. Qxd4 Qxd4 10. Nxd4 a6 11. O-O-O Nf6 12. f3 d5 13. e5 Nd7
14. f4 g6 15. b4 Nb6 16. Kb2 Bd7 17. h4 Ke7 18. h5 Rhc8 19. Rh3 Nc4+ 20. Bxc4
Rxc4 21. c3 Rcc8 22. hxg6 hxg6 23. Rdh1 Bb5 24. Rh7 Bd3 25. g4 Be4 26. R1h6 Rg8
27. Kc1 Raf8 28. Kd2 Kd8 29. Ke3 Kc8 30. c4 g5 31. f5 exf5 32. gxf5 g4 33. cxd5
Bxd5 34. Rh2 g3 35. Rc2+ Kb8 36. Ne2 Rg4 37. Rh3 g2 38. Rc1 Re4+ 39. Kf2 Rxe5
40. Ng3 Rfe8 41. Rh2 Re3 42. Rxg2 Bxg2 43. Kxg2 Rg8 0-1

[Event "Lansing (MI Op/5/4)"]
[Site "?"]
[Date "1997.??.??"]
[Round "?"]
[White "Rajlich, Vasik"]
[Black "LaForge, Tom"]
[Result "1-0"]
[WhiteElo "2275"]
[BlackElo "2010"]
[PlyCount "57"]
[EventDate "1997.??.??"]

{5/(4)} 1. e4 e6 2. d4 d5 3. e5 c5 4. c3 Nc6 5. Nf3 Bd7 6. Bd3 Qb6 7. dxc5 Bxc5
8. O-O f6 9. b4 Be7 10. Bf4 fxe5 11. Nxe5 Nxe5 12. Bxe5 Nf6 13. Nd2 Rc8 14. Nf3
Kf8 15. Bd4 Qc7 16. Ne5 Kg8 17. Re1 Be8 18. Qf3 h5 19. Qh3 Ng4 20. f3 Nxe5 21.
Bxe5 Qd7 22. Bb5 Rc6 23. Bd4 Rh6 24. Bxa7 Qc8 25. Bxc6 Qxc6 26. Bd4 Rg6 27. f4
Bf6 28. Bxf6 Rxf6 29. Re5 1-0